<?xml version="1.0" encoding="UTF-8"?><?xml-stylesheet type="text/xsl" href="static/style.xsl"?><OAI-PMH xmlns="http://www.openarchives.org/OAI/2.0/" xmlns:xsi="http://www.w3.org/2001/XMLSchema-instance" xsi:schemaLocation="http://www.openarchives.org/OAI/2.0/ http://www.openarchives.org/OAI/2.0/OAI-PMH.xsd"><responseDate>2026-06-02T02:14:34Z</responseDate><request verb="GetRecord" identifier="oai:riuma.uma.es:10630/37595" metadataPrefix="marc">https://riuma.uma.es/rest/oai/request</request><GetRecord><record><header><identifier>oai:riuma.uma.es:10630/37595</identifier><datestamp>2026-02-03T11:12:30Z</datestamp><setSpec>com_10630_2254</setSpec><setSpec>col_10630_37953</setSpec></header><metadata><record xmlns="http://www.loc.gov/MARC21/slim" xmlns:dcterms="http://purl.org/dc/terms/" xmlns:doc="http://www.lyncode.com/xoai" xmlns:xsi="http://www.w3.org/2001/XMLSchema-instance" xsi:schemaLocation="http://www.loc.gov/MARC21/slim http://www.loc.gov/standards/marcxml/schema/MARC21slim.xsd">
   <leader>00925njm 22002777a 4500</leader>
   <datafield ind2=" " ind1=" " tag="042">
      <subfield code="a">dc</subfield>
   </datafield>
   <datafield ind2=" " ind1=" " tag="720">
      <subfield code="a">Márquez-García, María Jesús</subfield>
      <subfield code="e">author</subfield>
   </datafield>
   <datafield ind2=" " ind1=" " tag="720">
      <subfield code="a">Rivas-Flores, José Ignacio</subfield>
      <subfield code="e">author</subfield>
   </datafield>
   <datafield ind2=" " ind1=" " tag="720">
      <subfield code="a">Calvo-León, Piedad</subfield>
      <subfield code="e">author</subfield>
   </datafield>
   <datafield ind2=" " ind1=" " tag="260">
      <subfield code="c">2021</subfield>
   </datafield>
   <datafield ind2=" " ind1=" " tag="520">
      <subfield code="a">El trabajo que presentamos se enmarca en la investigación realizada para el proyecto I+D+I Ecologías del aprendizaje en contextos múltiples. En él profundizamos en los datos de uno de los “Estudio de casos” realizado en una Asociación Intercultural, que tiene su sede en un pueblo de Andalucía, España.  &#xd;
&#xd;
El método de trabajo fue el Estudio de casos narrativo-biográfico con el que se generó un   proceso compartido con los y las participantes, utilizando estrategias e instrumentos que posibilitaron encuentros narrativos participativos. Las entrevistas nos permitieron profundizar en cómo las ecologías del aprendizaje permiten ir más allá de los límites institucionales de la educación secundaria y comprender de qué modo aprenden los y las jóvenes en contextos de educación no formal e informal.&#xd;
&#xd;
De los resultados emergieron procesos de aprendizaje desde la interactividad constante, la reconsideración de los tiempos, la actividad grupal necesaria para aprender, la búsqueda de un modo divertido y desafiante de expresarse y la producción de material audiovisual para expresar cuestionamientos éticos y de justicia social. Una de las aportaciones de la discusión de interés y repercusión en el ámbito educativo y particularmente en la educación secundaría, es la necesidad de propiciar el diálogo entre la educación formal, no formal e informal para repensar un currículum basado en componentes emocionales, axiológicos e interpersonales.</subfield>
   </datafield>
   <datafield ind1="8" ind2=" " tag="024">
      <subfield code="a">Márquez-García M. J., Rivas-Flores J. I. y Calvo León P. (2021). Comunidades colaborativas. Saberes y experiencias con jóvenes vulnerables en educación no formal. Revista Complutense de Educación, 32(2), 227-236. https://doi.org/10.5209/rced.68325</subfield>
   </datafield>
   <datafield ind1="8" ind2=" " tag="024">
      <subfield code="a">https://hdl.handle.net/10630/37595</subfield>
   </datafield>
   <datafield ind1="8" ind2=" " tag="024">
      <subfield code="a">10.5209/rced.68325</subfield>
   </datafield>
   <datafield tag="653" ind2=" " ind1=" ">
      <subfield code="a">Educación inclusiva</subfield>
   </datafield>
   <datafield ind2="0" ind1="0" tag="245">
      <subfield code="a">Comunidades colaborativas. Saberes y experiencias con jóvenes vulnerables en educación no formal</subfield>
   </datafield>
</record>
</metadata></record></GetRecord></OAI-PMH>